000 00293nam a22001337a 4500
008 171027b xxu||||| |||| 00| 0 eng d
020 _a9780538890700
041 _aeng
080 _a336
100 _a56
101 _aJAC
245 _aCOLLABORATIVE FINANCE
_cJACKSON, K.L
942 _2udc
_cBK
999 _c36112
_d36112